000
00256nam a2200109Ia 4500
008
221009s9999 xx 000 0 und d
082
_a
294/JAI
100
_a
Jain, Girilal
_9
15458
245
4
_a
The Hindu Phenomenon
260
_b
UBS Publishers
942
_c
BK
999
_c
64818
_d
64818